|
|
|
|
| LEADER |
00000nam a22000007a 4500 |
| 005 |
20150810234050.0 |
| 007 |
cr|||| |||| |
| 008 |
150810s2015 co |||||s|||| 00||0 spa d |
| 020 |
|
|
|a 978-958-771-172-1
|
| 035 |
|
|
|a 12764
|
| 040 |
|
|
|a vLex
|
| 090 |
|
|
|c 5506
|d 5506
|
| 100 |
1 |
|
|a Sabogal Bernal, Edinson
|
| 245 |
1 |
0 |
|a Cartilla Laboral 2015
|h [Recurso electrn̤ico] /
|c Edinson Sabogal Bernal
|
| 256 |
|
|
|a Servicio en ln̕ea
|
| 260 |
|
|
|a Bogot:̀
|b ECOE,
|c 2015
|
| 300 |
|
|
|a 1 recurso electrn̤ico
|
| 500 |
|
|
|a La siguiente obra tiene como props̤ito que el trabajador, el empleador e incluso el asesor conozcan los principios bs̀icos que regulan una relacin̤ laboral en Colombia y conseguir con ello minimizar los problemas que se pueden derivar de un desconocimiento de la norma, de una interpretacin̤ incorrecta de la ley, o de una indebida aplicacin̤ de ella. Generalmente los problemas que surgen en una relacin̤ laboral obedecen a que una de las partes, o en algunos casos las dos partes del contrato de trabajo desconocen la ley o la malinterpretan, y esta cartilla busca ofrecer los elementos necesarios para que ello no suceda, o si llegara a suceder, que el problema se solucione de la mejor forma. Nos hemos esforzado por redactar el texto en un lenguaje sencillo, de fc̀il entendimiento incluso para quien no tiene formacin̤ jurd̕ica, con lo que se pretende llevar el conocimiento de la legislacin̤ laboral sustantiva a todas las personas que pudieren necesitar de ella.
|
| 506 |
1 |
|
|a Disponible solo en los productos indicados
|d vLex Global
|d vLex Global (Academic Edition, excluding Law Schools)
|d vLex Global (U.S. Academic Edition, Law Schools)
|d vLex Global (U.S. Academic Edition, excluding Law Schools)
|d vLex Global (Academic Edition, Law Schools)
|
| 650 |
0 |
4 |
|a Derecho Laboral y Seguridad Social
|z Colombia
|
| 740 |
0 |
|
|a vLex Libros (Servicio en ln̕ea)
|
| 856 |
4 |
0 |
|u http://vlex.com/source/cartilla-laboral-2015-12764
|z Acceso restringido
|
| 942 |
|
|
|c BOOK
|
| 999 |
0 |
|
|a Labor and Social Security
|